000 00166 a2200073 4500
020 _a9780273726951
082 _a808.02 MAC
245 _aHOW TO WRITE ESSAYS AND ASSIGNMENTS
999 _c793883
_d793882
942 _w223
_xZanele Mgwenya
_y223
_zZanele Mgwenya